Central Library OPAC University of Rajshahi

দুগ্ধ-বিজ্ঞান / (Record no. 47645)

MARC details
000 -LEADER
fixed length control field 00912nam a22002417a 4500
001 - CONTROL NUMBER
control field 47645
003 - CONTROL NUMBER IDENTIFIER
rucl marc code BD-RjUL
005 - DATE AND TIME OF LATEST TRANSACTION
control field 20211209054346.0
008 - FIXED-LENGTH DATA ELEMENTS--GENERAL INFORMATION
fixed length control field 160809s1986 bg ||||| |||| 00| 0 ben d
020 ## - INTERNATIONAL STANDARD BOOK NUMBER
Terms of availability : TK 70.00
035 ## - SYSTEM CONTROL NUMBER
System control number (BD-RjUL)47764
040 ## - CATALOGING SOURCE
Original cataloging agency BD-RjUL
Language of cataloging ben
Transcribing agency BD-RjUL
041 ## - LANGUAGE CODE
Language code of text/sound track or separate title ben
082 ## - DEWEY DECIMAL CLASSIFICATION NUMBER
Edition number 23
Classification number 637
Author mark and year MID 1986
100 ## - MAIN ENTRY--PERSONAL NAME
Personal name মিজ্ঞা, মোঃ আবদুল হামিদ
9 (RLIN) 144788
245 10 - TITLE STATEMENT
Title দুগ্ধ-বিজ্ঞান /
Statement of responsibility, etc. মোঃ আবদুল হামিদ মিজ্ঞা
260 ## - PUBLICATION, DISTRIBUTION, ETC. (IMPRINT)
Place of publication, distribution, etc. ঢাকা :
Name of publisher, distributor, etc. বাংলা একাডেমী,
Date of publication, distribution, etc. ১৯৮৬
300 ## - PHYSICAL DESCRIPTION
Pagination [১৬], ২৯০ পৃ. :
Illustrations চিত্র ;
Size ২১ সেমি.
504 ## - BIBLIOGRAPHY, ETC. NOTE
Bibliography, etc গ্রন্থপঞ্জি সম্বলিত
650 ## - SUBJECT ADDED ENTRY--TOPICAL TERM
Topical term or geographic name as entry element দুগ্ধ বিজ্ঞান
9 (RLIN) 144789
Topical term or geographic name as entry element Dairy Science
9 (RLIN) 144790
942 ## - ADDED ENTRY ELEMENTS (KOHA)
Source of classification or shelving scheme Dewey Decimal Classification
Koha item type Books
Holdings
Lost status Source of classification or shelving scheme Damaged status Not for loan Collection code Permanent Location Current Location Shelving location Date acquired Source of acquisition Cost, normal purchase price Total Checkouts Full call number Date last seen Copy number Koha item type
  Dewey Decimal Classification     Non-fiction Central Library, University of Rajshahi Central Library, University of Rajshahi   26/10/1987 Bangla Academy, Dhaka 70.00   B 637 MID 1986 09/08/2016 C-2 Books
  Dewey Decimal Classification     Non-fiction Central Library, University of Rajshahi Central Library, University of Rajshahi   26/10/1987 Bangla Academy, Dhaka 70.00   B 637 MID 1986 09/08/2016 C-3 Books
  Dewey Decimal Classification     Non-fiction Central Library, University of Rajshahi Central Library, University of Rajshahi   26/10/1987 Bangla Academy, Dhaka 70.00   B 637 MID 1986 09/08/2016 C-4 Books
  Dewey Decimal Classification     Non-fiction Central Library, University of Rajshahi Central Library, University of Rajshahi   26/10/1987 Bangla Academy, Dhaka 70.00   B 637 MID 1986 09/08/2016 C-5 Books
  Dewey Decimal Classification     Non-fiction Central Library, University of Rajshahi Central Library, University of Rajshahi   26/10/1987 Bangla Academy, Dhaka 70.00   B 637 MID 1986 09/08/2016 C-6 Books
  Dewey Decimal Classification   Not For Loan Non-fiction Central Library, University of Rajshahi Central Library, University of Rajshahi Reading Room 26/10/1987 Dhaka, Bangla Academy 70.00   B 637 MID 1986 22/04/2017 C-1 Books